Cẩm nang nghiệp vụ kiểm toán

Quy định về kiểm toán độc lập. Quy định về kiểm toán nhà nước. Quy định về kiểm toán nội bộ. Quy định về chuẩn mực kiểm toán. Chế độ lưu trữ tài liệu kế toán và xử phạt hành chính trong lĩnh vực kế toán....

Descrición completa

Gardado en:
Detalles Bibliográficos
Autor Principal: Huỳnh, Văn Hoài
Formato: Libro
Idioma:Undetermined
Publicado: Hà Nội Thống kê 2002
Những chủ đề:
Các nhãn: Engadir etiqueta
Sen Etiquetas, Sexa o primeiro en etiquetar este rexistro!
Thư viện lưu trữ: Trung tâm Học liệu Trường Đại học Cần Thơ
LEADER 00850nam a2200193Ia 4500
001 CTU_48532
008 210402s9999 xx 000 0 und d
020 |c 24000 
082 |a 657.45 
082 |b H404 
100 |a Huỳnh, Văn Hoài 
245 0 |a Cẩm nang nghiệp vụ kiểm toán 
245 0 |c Huỳnh Văn Hoài 
260 |a Hà Nội 
260 |b Thống kê 
260 |c 2002 
520 |a Quy định về kiểm toán độc lập. Quy định về kiểm toán nhà nước. Quy định về kiểm toán nội bộ. Quy định về chuẩn mực kiểm toán. Chế độ lưu trữ tài liệu kế toán và xử phạt hành chính trong lĩnh vực kế toán. 
650 |a Accounting 
980 |a Trung tâm Học liệu Trường Đại học Cần Thơ